[Event "vl_2526 MVP"]
[Site "MVP"]
[Date "2025.11.09"]
[Round "1.1"]
[White "Stutz, Reno"]
[Black "Kallweit, Paul"]
[Result "1/2-1/2"]
[WhiteElo "2039"]
[BlackElo "1981"]
[WhiteFideId "-1"]
[WhiteFideId "-1"]
[PlyCount "65"]
[GameId "2242332415475829"]
[EventDate "2025.??.??"]
[EventType "team-tourn"]
[EventRounds "9"]
[EventCountry "GER"]
[WhiteTeam "ASV Gruen-Weiss Wismar"]
[BlackTeam "SSC Rostock 07"]
[WhiteTeamCountry "GER"]
[BlackTeamCountry "GER"]

1. d4 d5 2. Nf3 Nf6 3. e3 Bf5 4. Bd3 Bxd3 5. Qxd3 c6 6. O-O Nbd7 7. c4 e6 8. Nc3 Bd6 9. e4 dxe4 10. Nxe4 Nxe4 11. Qxe4 O-O 12. Bg5 Nf6 13. Qc2 h6 14. Bh4 Qe7 15. Rfe1 Rfd8 16. Rad1 Rac8 17. Ne5 Qc7 18. Bxf6 gxf6 19. Ng4 Kg7 20. c5 Bf4 21. g3 h5 22. Ne3 Bxe3 23. Rxe3 Rd5 24. Re4 Rcd8 25. Qe2 Qd7 26. Rh4 Rxc5 27. Rxh5 Rxh5 28. Qxh5 Qd5 29. Qg4+ Kh7 30. Qh4+ Kg7 31. Qg4+ Kh7 32. Qh4+ Kg7 33. Qg4+ 1/2-1/2

[Event "vl_2526 MVP"]
[Site "MVP"]
[Date "2025.11.09"]
[Round "1.2"]
[White "Walz, Fabian"]
[Black "Lanz, Joerg"]
[Result "1-0"]
[Annotator "g-ona"]
[WhiteElo "1970"]
[BlackElo "2055"]
[WhiteFideId "-1"]
[WhiteFideId "-1"]
[PlyCount "103"]
[GameId "2242332415520886"]
[EventDate "2025.??.??"]
[EventType "team-tourn"]
[EventRounds "9"]
[EventCountry "GER"]
[WhiteTeam "SSC Rostock 07"]
[BlackTeam "ASV Gruen-Weiss Wismar"]
[WhiteTeamCountry "GER"]
[BlackTeamCountry "GER"]

1. d4 Nf6 2. c4 g6 3. Nc3 Bg7 4. g3 O-O 5. Bg2 d6 6. Nf3 Nbd7 7. O-O c6 8. e4 e5 9. d5 c5 10. Ne1 Ne8 11. Nd3 a6 12. Be3 Rb8 13. a4 b6 14. a5 b5 15. cxb5 axb5 16. b4 c4 17. Ne1 Nc7 18. Qd2 Na6 19. Nc2 f5 20. Ra3 Qe8 21. f3 Nf6 22. Raa1 Rb7 23. Na3 Bd7 24. Rab1 Rb8 25. Bb6 Rf7 26. Bh3 Kh8 27. Qe2 Rc8 28. Rfc1 Ng8 29. Bf1 Bh6 30. Rc2 Nf6 31. Naxb5 Bxb5 32. Nxb5 Qxb5 33. Rxc4 Rxc4 34. Qxc4 Qxc4 35. Bxc4 Nb8 36. a6 Nxa6 37. Bxa6 fxe4 38. fxe4 Nxe4 39. Rf1 Kg7 40. Bc8 Bd2 41. Rb1 Nc3 42. Rb2 Nxd5 43. Rxd2 Nxb6 44. Be6 d5 $2 (44... Rc7 45. Rxd6 Rc1+ 46. Kg2 Nc4 $11) 45. Bxf7 Kxf7 46. Ra2 Ke7 47. Ra6 Nc4 48. Kf2 e4 49. b5 Kd7 50. g4 d4 51. Ra4 e3+ 52. Ke1 1-0

[Event "vl_2526 MVP"]
[Site "MVP"]
[Date "2025.11.09"]
[Round "1.3"]
[White "Feldmann, Guido"]
[Black "Mangold, Thomas"]
[Result "0-1"]
[WhiteElo "2012"]
[BlackElo "2020"]
[WhiteFideId "-1"]
[WhiteFideId "-1"]
[PlyCount "50"]
[GameId "2242332415524983"]
[EventDate "2025.??.??"]
[EventType "team-tourn"]
[EventRounds "9"]
[EventCountry "GER"]
[WhiteTeam "ASV Gruen-Weiss Wismar"]
[BlackTeam "SSC Rostock 07"]
[WhiteTeamCountry "GER"]
[BlackTeamCountry "GER"]

1. d4 d5 2. Nf3 Nf6 3. c4 e6 4. Nc3 Nbd7 5. cxd5 exd5 6. Bg5 h6 7. Bh4 Bb4 8. Qb3 c5 9. O-O-O Bxc3 10. Qxc3 c4 11. e4 Nxe4 12. Re1 Ndf6 13. Nd2 O-O 14. Nxe4 dxe4 15. Bxc4 Bf5 16. g4 Bg6 17. Kb1 Rc8 18. Qb4 Nd5 19. Bxd5 Qxd5 20. Ka1 Rc4 21. Qa3 Rxd4 22. Rc1 f6 23. Qxa7 Bf7 24. b3 Rd2 25. Bg3 b6 0-1

[Event "vl_2526 MVP"]
[Site "MVP"]
[Date "2025.11.09"]
[Round "1.4"]
[White "Schmidt, Peter"]
[Black "Schinke, Andreas"]
[Result "1-0"]
[WhiteElo "2040"]
[BlackElo "2053"]
[WhiteFideId "-1"]
[WhiteFideId "-1"]
[PlyCount "73"]
[GameId "2242332415529080"]
[EventDate "2025.??.??"]
[EventType "team-tourn"]
[EventRounds "9"]
[EventCountry "GER"]
[WhiteTeam "SSC Rostock 07"]
[BlackTeam "ASV Gruen-Weiss Wismar"]
[WhiteTeamCountry "GER"]
[BlackTeamCountry "GER"]

1. Nf3 Nf6 2. g3 d5 3. Bg2 c5 4. O-O Nc6 5. d3 g6 6. Nbd2 Bg7 7. e4 O-O 8. Re1 Qc7 9. c3 Be6 10. Qe2 Rad8 11. Ng5 Bg4 12. f3 Bc8 13. e5 Ne8 14. e6 Bxe6 15. Nxe6 fxe6 16. Qxe6+ Kh8 17. f4 Rd6 18. Qe2 Bf6 19. Nf3 Ng7 20. Bd2 b6 21. Rad1 a5 22. Bc1 b5 23. Ne5 e6 24. Ng4 Bd8 25. Bf3 c4 26. Qg2 Rd7 27. Kh1 Re8 28. a4 Qb6 29. Be3 Qb8 30. axb5 Qxb5 31. dxc4 Qxc4 32. Be2 Qb3 33. Bd3 Rb7 34. Bc1 Qb6 35. Qh3 Ne7 36. Nf6 Nh5 37. Nxe8 1-0

[Event "vl_2526 MVP"]
[Site "MVP"]
[Date "2025.11.09"]
[Round "1.5"]
[White "Kliewe, Hans-Juergen"]
[Black "Hodl, Ingolf"]
[Result "1-0"]
[WhiteElo "2045"]
[BlackElo "1963"]
[WhiteFideId "-1"]
[WhiteFideId "-1"]
[PlyCount "73"]
[GameId "2242332415533177"]
[EventDate "2025.??.??"]
[EventType "team-tourn"]
[EventRounds "9"]
[EventCountry "GER"]
[WhiteTeam "ASV Gruen-Weiss Wismar"]
[BlackTeam "SSC Rostock 07"]
[WhiteTeamCountry "GER"]
[BlackTeamCountry "GER"]

1. d4 Nf6 2. c4 g6 3. Nc3 Bg7 4. e4 d6 5. Be2 O-O 6. Be3 e5 7. d5 Nbd7 8. g4 Nc5 9. f3 a5 10. h4 h5 11. g5 Ne8 12. Nh3 f5 13. Kd2 f4 14. Bg1 Bxh3 15. Rxh3 Qd7 16. Rh2 c6 17. Bf1 Nc7 18. Bh3 Qe8 19. Ke1 Rd8 20. Rd2 cxd5 21. cxd5 Nb5 22. Nxb5 Qxb5 23. Qe2 Qxe2+ 24. Kxe2 b6 25. Rb1 a4 26. Rc2 Ra8 27. Rc4 Rfb8 28. Bf2 Bf8 29. Rc2 Be7 30. Kd2 Bd8 31. Bf1 Ra5 32. Kc1 Kf7 33. Be1 Ra7 34. Bb5 Ke7 35. Bb4 Na6 36. Bxa6 Rxa6 37. Rc6 1-0

[Event "vl_2526 MVP"]
[Site "MVP"]
[Date "2025.11.09"]
[Round "1.8"]
[White "Wurst, Maximilian"]
[Black "Pentzien, Volker"]
[Result "1/2-1/2"]
[Annotator "g-ona"]
[WhiteElo "1834"]
[BlackElo "1938"]
[WhiteFideId "-1"]
[WhiteFideId "-1"]
[PlyCount "199"]
[GameId "2242332415545468"]
[EventDate "2025.??.??"]
[EventType "team-tourn"]
[EventRounds "9"]
[EventCountry "GER"]
[WhiteTeam "SSC Rostock 07"]
[BlackTeam "ASV Gruen-Weiss Wismar"]
[WhiteTeamCountry "GER"]
[BlackTeamCountry "GER"]

1. e4 d5 2. exd5 Qxd5 3. Nc3 Qd6 4. Nf3 Nf6 5. Bc4 Be6 6. Qe2 Bxc4 7. Qxc4 c6 8. O-O Nbd7 9. d3 e6 10. Bf4 Qc5 11. Qb3 Qb4 12. Bg3 Qxb3 13. axb3 Be7 14. Ne5 Nxe5 15. Bxe5 O-O 16. Rfe1 Nd7 17. Bd4 a6 18. Ne4 e5 19. Bc3 f6 20. Ng3 g6 21. Rad1 Rfe8 22. d4 exd4 23. Rxd4 Nb6 24. Rde4 $2 (24. Ba5 Nd5 25. c4 Bb4 26. Rxe8+ Rxe8 27. Rxd5 Re1+ 28. Nf1 cxd5 29. Bxb4 Rb1 30. cxd5 Rxb2 31. Nd2 $18) 24... Kf7 25. Ba5 Nd5 26. c4 f5 27. R4e2 Nf6 28. Rd1 Bc5 29. Red2 b6 30. Bc3 Ng4 31. Rd7+ Re7 32. Rxe7+ Kxe7 33. Nh1 Ke6 34. h3 Nf6 35. Ng3 Be7 36. Ne2 Kf7 37. Bxf6 Kxf6 38. Rd7 Rd8 39. Rb7 $2 (39. Rxd8 Bxd8 40. Nd4 c5 41. Nf3) 39... Rd2 40. Ng3 Bc5 41. Nh1 Rxb2 42. Rxh7 Rxb3 43. h4 Rc3 44. h5 gxh5 45. Rxh5 Bd6 46. Rh6+ Ke5 47. Ng3 Rxc4 48. Kf1 f4 49. Rh5+ Kd4 50. Nf5+ Kd3 51. Rh3+ Kd2 52. g4 Be5 53. g5 a5 54. g6 a4 55. Nh4 Bf6 56. Nf3+ Kc2 57. Ne1+ Kb1 58. Rd3 Rd4 59. Rc3 Rd6 60. Rf3 Bg5 61. Nd3 Rxg6 62. Ke2 a3 63. Nb4 Re6+ 64. Kd2 Rd6+ 65. Ke2 Kb2 66. Nd3+ Rxd3 67. Rxd3 b5 68. Rd2+ Kb3 69. Rd3+ Ka4 70. Rd6 c5 71. Kd2 b4 72. Kc2 b3+ 73. Kc3 Kb5 74. Kxb3 c4+ 75. Kc3 Be7 76. Rd5+ Bc5 77. Rf5 a2 78. Kb2 Kb4 79. Rxf4 a1=Q+ 80. Kxa1 Kb3 81. Kb1 Kc3 82. Rf7 Kd3 83. Rd7+ Ke4 84. Kc2 Bxf2 85. Kc3 Be1+ 86. Kxc4 Bf2 87. Re7+ Kf3 88. Kd3 Bc5 89. Rf7+ Kg4 90. Ke4 Bb6 91. Rg7+ Kh5 92. Kf5 Kh4 93. Rg2 Kh3 94. Rg6 Be3 95. Ke4 Bd2 96. Kf3 Kh4 97. Rg2 Bc1 98. Ke4 Kh3 99. Rg1 Bd2 100. Kf3 1/2-1/2

[Event "vl_2526 MVP"]
[Site "MVP"]
[Date "2025.11.09"]
[Round "1.1"]
[White "Kist, Eike Andreas"]
[Black "Dargus, Alexander"]
[Result "1/2-1/2"]
[WhiteElo "2048"]
[BlackElo "2105"]
[WhiteFideId "-1"]
[WhiteFideId "-1"]
[PlyCount "104"]
[GameId "2242332415549565"]
[EventDate "2025.??.??"]
[EventType "team-tourn"]
[EventRounds "9"]
[EventCountry "GER"]
[WhiteTeam "Think Rochade SC HRO"]
[BlackTeam "SSC Graal-Mueritz"]
[WhiteTeamCountry "GER"]
[BlackTeamCountry "GER"]

1. e4 e6 2. d4 d5 3. Nc3 dxe4 4. Nxe4 Nf6 5. Nxf6+ gxf6 6. Nf3 Nc6 7. Bc4 Qd6 8. O-O Bd7 9. c3 O-O-O 10. b4 h5 11. a4 Bh6 12. Be3 Ne7 13. b5 Rdg8 14. Nd2 Nf5 15. Ne4 Qe7 16. Bxh6 Rxh6 17. Nc5 Rhg6 18. Qf3 Rxg2+ 19. Qxg2 Rxg2+ 20. Kxg2 Qd6 21. Kh1 Qf4 22. Bd3 Qf3+ 23. Kg1 b6 24. Bxf5 Qxf5 25. Nxd7 Qg4+ 26. Kh1 Qf3+ 27. Kg1 h4 28. Nxb6+ axb6 29. Rfc1 h3 30. Kf1 Qh1+ 31. Ke2 Qxh2 32. c4 Qg2 33. Ke3 h2 34. c5 bxc5 35. dxc5 f5 36. a5 Qe4+ 37. Kd2 Qb4+ 38. Ke3 Qe4+ 39. Kd2 Qb4+ 40. Ke3 Qb3+ 41. Kd2 e5 42. Rcb1 Qd5+ 43. Ke2 Qe4+ 44. Kd2 Qd4+ 45. Ke2 Qc4+ 46. Kd2 e4 47. Ke3 Qxc5+ 48. Kf4 f6 49. Kg3 Qe5+ 50. f4 Qc3+ 51. Kxh2 Qd2+ 52. Kh1 Qe3 1/2-1/2

[Event "vl_2526 MVP"]
[Site "MVP"]
[Date "2025.11.09"]
[Round "1.2"]
[White "Jansen, Andreas"]
[Black "Busch, Martin"]
[Result "1/2-1/2"]
[WhiteElo "2098"]
[BlackElo "2117"]
[WhiteFideId "-1"]
[WhiteFideId "-1"]
[PlyCount "44"]
[GameId "2242332415553662"]
[EventDate "2025.??.??"]
[EventType "team-tourn"]
[EventRounds "9"]
[EventCountry "GER"]
[WhiteTeam "SSC Graal-Mueritz"]
[BlackTeam "Think Rochade SC HRO"]
[WhiteTeamCountry "GER"]
[BlackTeamCountry "GER"]

1. e4 c6 2. d4 d5 3. exd5 cxd5 4. Bd3 Nc6 5. c3 Nf6 6. Ne2 g6 7. Bf4 Bf5 8. Bxf5 gxf5 9. Ng3 e6 10. Qe2 Be7 11. Nd2 h5 12. Bg5 Ng4 13. Bxe7 Qxe7 14. h3 Nf6 15. Qf3 O-O-O 16. O-O-O Rdg8 17. Ne2 Ne4 18. h4 Qc7 19. Kb1 Ne7 20. g3 Ng6 21. Nxe4 fxe4 22. Qe3 Kb8 1/2-1/2

[Event "vl_2526 MVP"]
[Site "MVP"]
[Date "2025.11.09"]
[Round "1.3"]
[White "Krause, Enrico"]
[Black "Westphal, Wolfgang"]
[Result "0-1"]
[WhiteElo "1792"]
[BlackElo "2119"]
[WhiteFideId "-1"]
[WhiteFideId "-1"]
[PlyCount "70"]
[GameId "2242332415557759"]
[EventDate "2025.??.??"]
[EventType "team-tourn"]
[EventRounds "9"]
[EventCountry "GER"]
[WhiteTeam "Think Rochade SC HRO"]
[BlackTeam "SSC Graal-Mueritz"]
[WhiteTeamCountry "GER"]
[BlackTeamCountry "GER"]

1. c4 b6 2. Nc3 Bb7 3. e4 e5 4. Nf3 Nc6 5. Be2 Bc5 6. Nxe5 Nxe5 7. d4 Bd6 8. dxe5 Bxe5 9. O-O Ne7 10. Nd5 c6 11. Ne3 Qc7 12. f4 Bd6 13. Kh1 O-O-O 14. Nc2 Ng6 15. e5 Be7 16. b4 d6 17. Bg4+ Kb8 18. e6 Bf6 19. Rb1 fxe6 20. Bxe6 Rhe8 21. f5 Nf8 22. Nd4 Ka8 23. Bf4 g5 24. Bg3 Qg7 25. Bf2 Be5 26. Rb3 c5 27. Nb5 Nxe6 28. fxe6 a6 29. Na3 Qh6 30. Bg1 Qxe6 31. bxc5 dxc5 32. Qh5 Qc6 33. Rbf3 Qg6 34. Qxg6 hxg6 35. R3f2 Rh8 0-1

[Event "vl_2526 MVP"]
[Site "MVP"]
[Date "2025.11.09"]
[Round "1.4"]
[White "Jahn, Constanze"]
[Black "Satuev, Emin"]
[Result "0-1"]
[WhiteElo "1994"]
[BlackElo "1968"]
[WhiteFideId "-1"]
[WhiteFideId "-1"]
[PlyCount "170"]
[GameId "2242332415561856"]
[EventDate "2025.??.??"]
[EventType "team-tourn"]
[EventRounds "9"]
[EventCountry "GER"]
[WhiteTeam "SSC Graal-Mueritz"]
[BlackTeam "Think Rochade SC HRO"]
[WhiteTeamCountry "GER"]
[BlackTeamCountry "GER"]

1. e4 c5 2. d3 d6 3. f4 g6 4. Nf3 Bg7 5. Be2 Nc6 6. c3 Nf6 7. O-O O-O 8. a4 c4 9. Nbd2 cxd3 10. Bxd3 Qb6+ 11. Kh1 Be6 12. f5 Bd7 13. Nc4 Qc7 14. Bf4 Nh5 15. Bg5 Rae8 16. Qd2 Ne5 17. Nfxe5 dxe5 18. Ne3 Bc6 19. Ng4 Nf6 20. Nh6+ Kh8 21. Qe2 Ng8 22. Nxg8 Kxg8 23. fxg6 fxg6 24. Bc4+ Kh8 25. h4 h6 26. Bd2 Kh7 27. h5 g5 28. Bf7 Rd8 29. Bg6+ Kh8 30. Be3 Rf6 31. a5 Rxf1+ 32. Qxf1 Rf8 33. Qc4 a6 34. Rf1 Bf6 35. Bb6 Qd7 36. Qe2 Qe6 37. c4 Kg7 38. b3 Qd6 39. Rd1 Qb4 40. Rd3 Qa3 41. Qd1 Qb2 42. Bc5 Rc8 43. Bb6 Rf8 44. Kh2 Qa3 45. Qg4 Qc1 46. Qd1 Qa3 47. Qb1 Qb4 48. Qd1 Qa3 49. Qb1 Rc8 50. Qd1 Rf8 51. Qb1 Qb4 52. Qd1 Rc8 53. Bd8 Ra8 54. Qg4 Qe1 55. Qe6 Qh4+ 56. Rh3 Qf4+ 57. Rg3 Kh8 58. Bxe7 Bg7 59. Qg4 Be8 60. Qxf4 exf4 61. Rd3 Bc6 62. Kh3 Be5 63. Kg4 Kg7 64. Bd6 Kf6 65. Bc5 Rc8 66. Bb6 Ke7 67. Bf5 Re8 68. Bc5+ Kf6 69. Bd6 Bb2 70. Kf3 Be5 71. Bg6 Rg8 72. Bxe5+ Kxe5 73. Rd2 Rf8 74. b4 Rg8 75. b5 axb5 76. cxb5 Bxe4+ 77. Bxe4 g4+ 78. Kf2 Kxe4 79. Re2+ Kf5 80. Re7 Ra8 81. Rxb7 Rxa5 82. Rf7+ Kg5 83. b6 Ra2+ 84. Kf1 Rb2 85. Kg1 Rxb6 0-1

[Event "vl_2526 MVP"]
[Site "MVP"]
[Date "2025.11.09"]
[Round "1.5"]
[White "Peilert, Maximilian"]
[Black "Moritz, Hartmut"]
[Result "0-1"]
[WhiteElo "1784"]
[BlackElo "2021"]
[WhiteFideId "-1"]
[WhiteFideId "-1"]
[PlyCount "64"]
[GameId "2242332415565953"]
[EventDate "2025.??.??"]
[EventType "team-tourn"]
[EventRounds "9"]
[EventCountry "GER"]
[WhiteTeam "Think Rochade SC HRO"]
[BlackTeam "SSC Graal-Mueritz"]
[WhiteTeamCountry "GER"]
[BlackTeamCountry "GER"]

1. d4 e6 2. c4 d5 3. Nf3 Nf6 4. g3 c6 5. Bg2 Bd6 6. O-O O-O 7. Qc2 Ne4 8. Nbd2 f5 9. Ne1 Qf6 10. Ndf3 b6 11. Nd3 dxc4 12. Qxc4 Ba6 13. Qb3 Nd7 14. Bf4 Bxd3 15. Qxd3 Bxf4 16. gxf4 Rad8 17. Rfd1 c5 18. Rac1 h6 19. Qc4 Kh7 20. dxc5 Ndxc5 21. b4 Na4 22. Rxd8 Rxd8 23. Ne5 Qh4 24. Bxe4 Qxf4 25. Qc7 fxe4 26. Qxd8 Qxc1+ 27. Kg2 Nc3 28. e3 Ne2 29. Qh4 Qg1+ 30. Kh3 Qf1+ 31. Kg4 Qg2+ 32. Kh5 g6+ 0-1

[Event "vl_2526 MVP"]
[Site "MVP"]
[Date "2025.11.09"]
[Round "1.6"]
[White "Gieritz, Dietmar"]
[Black "Mauser, Tassilo Tino"]
[Result "1-0"]
[WhiteElo "2047"]
[BlackElo "1924"]
[WhiteFideId "-1"]
[WhiteFideId "-1"]
[PlyCount "45"]
[GameId "2242332415565954"]
[EventDate "2025.??.??"]
[EventType "team-tourn"]
[EventRounds "9"]
[EventCountry "GER"]
[WhiteTeam "SSC Graal-Mueritz"]
[BlackTeam "Think Rochade SC HRO"]
[WhiteTeamCountry "GER"]
[BlackTeamCountry "GER"]

1. d4 d5 2. Nf3 c5 3. g3 Nc6 4. Bg2 Nf6 5. O-O cxd4 6. Nxd4 Nxd4 7. Qxd4 e6 8. c4 Be7 9. Nc3 dxc4 10. Qxc4 O-O 11. Rd1 Qa5 12. a3 Qc5 13. Qb3 Rb8 14. Be3 Qa5 15. Nb5 a6 16. Bf4 Bd7 17. Bxb8 Bxb5 18. Bd6 Re8 19. Bxe7 Rxe7 20. Qb4 Qxb4 21. Rd8+ Ne8 22. axb4 Bxe2 23. Bxb7 1-0

[Event "vl_2526 MVP"]
[Site "MVP"]
[Date "2025.11.09"]
[Round "1.7"]
[White "Celmer, Ole"]
[Black "Roehl, Rainer"]
[Result "1/2-1/2"]
[WhiteElo "1958"]
[BlackElo "2043"]
[WhiteFideId "-1"]
[WhiteFideId "-1"]
[PlyCount "95"]
[GameId "2242332415570051"]
[EventDate "2025.??.??"]
[EventType "team-tourn"]
[EventRounds "9"]
[EventCountry "GER"]
[WhiteTeam "Think Rochade SC HRO"]
[BlackTeam "SSC Graal-Mueritz"]
[WhiteTeamCountry "GER"]
[BlackTeamCountry "GER"]

1. e4 c5 2. c3 Nf6 3. e5 Nd5 4. g3 Nc6 5. Nf3 d6 6. exd6 e6 7. Bg2 Bxd6 8. O-O O-O 9. d4 cxd4 10. Nxd4 Nxd4 11. Qxd4 Qc7 12. Nd2 Bd7 13. Qh4 Be7 14. Qh5 Nf6 15. Qh4 Bc6 16. Bxc6 Qxc6 17. Qc4 Rac8 18. Qxc6 Rxc6 19. Nf3 Bc5 20. Bf4 Nd5 21. Ne5 Rc7 22. Nd3 Nxf4 23. gxf4 Rd8 24. Nxc5 Rxc5 25. Rad1 Rcd5 26. Rxd5 Rxd5 27. Re1 Kf8 28. Re2 Ke7 29. Kg2 Kf6 30. Kg3 g6 31. Re1 Rd3+ 32. f3 Ke7 33. Re4 Rd7 34. h4 b6 35. a4 Kd8 36. a5 Kc7 37. axb6+ axb6 38. c4 h5 39. Re5 Kd6 40. b3 f6 41. Re4 Ra7 42. Re3 Ra2 43. Kh3 Rd2 44. Kg3 Rd1 45. Kf2 Rd2+ 46. Kg3 Rc2 47. Kh3 Rd2 48. Kg3 1/2-1/2

[Event "vl_2526 MVP"]
[Site "MVP"]
[Date "2025.11.09"]
[Round "1.8"]
[White "Luethke, Hans-Eckart"]
[Black "Jaensch, Robert"]
[Result "1/2-1/2"]
[WhiteElo "2132"]
[BlackElo "1866"]
[WhiteFideId "-1"]
[WhiteFideId "-1"]
[PlyCount "63"]
[GameId "2242332415574148"]
[EventDate "2025.??.??"]
[EventType "team-tourn"]
[EventRounds "9"]
[EventCountry "GER"]
[WhiteTeam "SSC Graal-Mueritz"]
[BlackTeam "Think Rochade SC HRO"]
[WhiteTeamCountry "GER"]
[BlackTeamCountry "GER"]

1. e4 e5 2. Nf3 Nc6 3. d4 exd4 4. Nxd4 Nf6 5. Nxc6 bxc6 6. e5 Nd5 7. c4 Bb4+ 8. Nd2 Nf4 9. a3 Be7 10. Ne4 Ne6 11. Bd3 d5 12. exd6 cxd6 13. O-O O-O 14. Re1 d5 15. cxd5 cxd5 16. Ng3 Bg5 17. Re5 Bb7 18. Qh5 h6 19. Bxg5 Nxg5 20. Nf5 Qf6 21. Re3 Rfe8 22. Rg3 Qxb2 23. Rf1 Qf6 24. Nxg7 Kxg7 25. h4 Kf8 26. hxg5 hxg5 27. Rxg5 Re6 28. Bf5 Re5 29. Rb1 Bc8 30. g4 Bxf5 31. Rxf5 Rxf5 32. Qxf5 1/2-1/2

[Event "vl_2526 MVP"]
[Site "MVP"]
[Date "2025.11.09"]
[Round "1.3"]
[White "Massloch, Philipp"]
[Black "Korbal, Arkadiusz"]
[Result "0-1"]
[WhiteElo "1883"]
[BlackElo "2104"]
[WhiteFideId "-1"]
[WhiteFideId "-1"]
[PlyCount "44"]
[GameId "2242332415586439"]
[EventDate "2025.??.??"]
[EventType "team-tourn"]
[EventRounds "9"]
[EventCountry "GER"]
[WhiteTeam "SAV Torgelow-Droegeheide 90 II"]
[BlackTeam "SAV Torgelow-Droegeheide 90"]
[WhiteTeamCountry "GER"]
[BlackTeamCountry "GER"]

1. Nf3 c5 2. c4 Nc6 3. Nc3 g6 4. g3 Bg7 5. Bg2 e5 6. e4 Nge7 7. O-O O-O 8. Re1 d6 9. d3 a6 10. a4 Rb8 11. Bg5 h6 12. Be3 Kh7 13. Rb1 Be6 14. Nh4 Qd7 15. f4 exf4 16. gxf4 Bg4 17. Bf3 Bxf3 18. Qxf3 Nd4 19. Qg2 b5 20. axb5 axb5 21. b3 b4 22. Kh1 bxc3 0-1

[Event "vl_2526 MVP"]
[Site "MVP"]
[Date "2025.11.09"]
[Round "1.4"]
[White "Grossmann, Piet"]
[Black "Pawlicz, Filip"]
[Result "1-0"]
[WhiteElo "2080"]
[BlackElo "1915"]
[WhiteFideId "-1"]
[WhiteFideId "-1"]
[PlyCount "59"]
[GameId "2242332415590536"]
[EventDate "2025.??.??"]
[EventType "team-tourn"]
[EventRounds "9"]
[EventCountry "GER"]
[WhiteTeam "SAV Torgelow-Droegeheide 90"]
[BlackTeam "SAV Torgelow-Droegeheide 90 II"]
[WhiteTeamCountry "GER"]
[BlackTeamCountry "GER"]

1. e4 c5 2. Nf3 e6 3. d4 cxd4 4. Nxd4 Nc6 5. Nc3 Nf6 6. Ndb5 Bb4 7. a3 Bxc3+ 8. Nxc3 d5 9. exd5 exd5 10. Bd3 O-O 11. O-O Bg4 12. f3 Bh5 13. Bg5 h6 14. Bh4 Ne7 15. Kh1 Qb6 16. Qe1 Rae8 17. Qf2 d4 18. Ne2 Rd8 19. Rfd1 Kh8 20. c3 g5 21. Bg3 dxc3 22. Qxb6 axb6 23. Be5 Kg7 24. Nxc3 Nc6 25. Bc7 Rd7 26. Bxb6 Ne5 27. Be2 Rc8 28. Bd4 Re7 29. Re1 Nc6 30. Bxf6+ 1-0

[Event "vl_2526 MVP"]
[Site "MVP"]
[Date "2025.11.09"]
[Round "1.7"]
[White "Troemer, Felix"]
[Black "Ehlers, Michael"]
[Result "0-1"]
[WhiteElo "1852"]
[BlackElo "1943"]
[WhiteFideId "-1"]
[WhiteFideId "-1"]
[PlyCount "92"]
[GameId "2242332415602827"]
[EventDate "2025.??.??"]
[EventType "team-tourn"]
[EventRounds "9"]
[EventCountry "GER"]
[WhiteTeam "SAV Torgelow-Droegeheide 90 II"]
[BlackTeam "SAV Torgelow-Droegeheide 90"]
[WhiteTeamCountry "GER"]
[BlackTeamCountry "GER"]

1. e4 c5 2. Nf3 Nc6 3. d4 cxd4 4. Nxd4 Nf6 5. Nc3 e5 6. Ndb5 d6 7. Bg5 a6 8. Na3 b5 9. Nd5 Be7 10. Bxf6 Bxf6 11. c3 Bg5 12. Be2 O-O 13. O-O Be6 14. Nc2 Rb8 15. Ncb4 Nxb4 16. Nxb4 Qb6 17. Nd5 Qb7 18. a4 f5 19. f3 fxe4 20. fxe4 Rxf1+ 21. Bxf1 bxa4 22. Qxa4 Bxd5 23. exd5 Qxb2 24. Qxa6 Rf8 25. Bb5 Qxc3 26. Rf1 Qe3+ 27. Kh1 Rxf1+ 28. Bxf1 Qf2 29. Qc8+ Qf8 30. Qe6+ Kh8 31. Bd3 g6 32. h3 Bh6 33. Be2 Bg7 34. Bd3 Qf6 35. Qe8+ Bf8 36. Be4 Qf1+ 37. Kh2 Kg7 38. Bf3 Qc1 39. Qd7+ Kh8 40. Qe8 Qf4+ 41. Kh1 Kg7 42. Kg1 Kh6 43. Qd7 e4 44. Bg4 Bg7 45. Qa4 Qe3+ 46. Kf1 Bd4 0-1

[Event "vl_2526 MVP"]
[Site "MVP"]
[Date "2025.11.09"]
[Round "1.8"]
[White "Schmidt, Paul"]
[Black "Bollnow, Alex"]
[Result "1/2-1/2"]
[WhiteElo "1914"]
[BlackElo "1794"]
[WhiteFideId "-1"]
[WhiteFideId "-1"]
[PlyCount "71"]
[GameId "2242332415606924"]
[EventDate "2025.??.??"]
[EventType "team-tourn"]
[EventRounds "9"]
[EventCountry "GER"]
[WhiteTeam "SAV Torgelow-Droegeheide 90"]
[BlackTeam "SAV Torgelow-Droegeheide 90 II"]
[WhiteTeamCountry "GER"]
[BlackTeamCountry "GER"]

1. e4 c5 2. Nf3 Nc6 3. d4 cxd4 4. Nxd4 g6 5. Nc3 Bg7 6. Be3 Nf6 7. Bc4 O-O 8. Bb3 Ng4 9. Qxg4 Nxd4 10. Qd1 Nxb3 11. axb3 b6 12. Qd5 Qc7 13. Nb5 Qb7 14. c3 a6 15. O-O Rb8 16. Qxb7 Bxb7 17. Nc7 Bxe4 18. Nxa6 Rb7 19. Nb4 Rd8 20. Ra6 b5 21. f3 Bf5 22. Nd5 Kf8 23. Re1 Be6 24. Nb4 Bxb3 25. Nd3 d6 26. Nb4 Rc8 27. Rea1 d5 28. Bc5 Ke8 29. Bf2 e5 30. Re1 Re7 31. Rd6 Rd7 32. Rb6 Bc4 33. Nc6 f6 34. Nd4 Rdc7 35. Nxb5 Bxb5 36. Rxb5 1/2-1/2

[Event "vl_2526 MVP"]
[Site "MVP"]
[Date "2025.11.09"]
[Round "1.1"]
[White "Stubbe, Wilko"]
[Black "Von Alvensleben, Wolfram"]
[Result "1/2-1/2"]
[WhiteElo "2128"]
[BlackElo "2225"]
[WhiteFideId "-1"]
[WhiteFideId "-1"]
[PlyCount "111"]
[GameId "2242332415611021"]
[EventDate "2025.??.??"]
[EventType "team-tourn"]
[EventRounds "9"]
[EventCountry "GER"]
[WhiteTeam "Greifswalder SV"]
[BlackTeam "SG Guestrow/Teterow"]
[WhiteTeamCountry "GER"]
[BlackTeamCountry "GER"]

1. e4 c6 2. d4 d5 3. Bd3 dxe4 4. Bxe4 Nf6 5. Bf3 Bf5 6. Ne2 h6 7. O-O e6 8. Ng3 Bh7 9. c4 Be7 10. Nc3 O-O 11. Re1 Re8 12. d5 cxd5 13. cxd5 Nxd5 14. Nxd5 exd5 15. Bxd5 Nc6 16. Nh5 Qa5 17. Bxh6 Bf8 18. Rxe8 Rxe8 19. Bxc6 bxc6 20. Bd2 Qb5 21. Bc3 Re2 22. Ng3 Rc2 23. Rc1 Qd5 24. Qe1 Rxc1 25. Qxc1 Qxa2 26. h3 Qb1 27. Qxb1 Bxb1 28. Nf1 f6 29. Nd2 Bd3 30. f4 Bc5+ 31. Kh2 Kf7 32. Kg3 Ke6 33. Kf3 Kd5 34. g4 Bd4 35. Bxd4 Kxd4 36. Nb3+ Kc4 37. Nd2+ Kd4 38. Nb3+ Kc4 39. Nd2+ Kb4 40. Ke3 Bc2 41. h4 a5 42. g5 fxg5 43. hxg5 a4 44. Ne4 Kb3 45. f5 Kxb2 46. f6 gxf6 47. gxf6 Bb3 48. Nc5 a3 49. Nxb3 Kxb3 50. f7 a2 51. f8=Q a1=Q 52. Qb8+ Kc2 53. Qh2+ Kb3 54. Qb8+ Kc4 55. Qg8+ Kb4 56. Qb8+ 1/2-1/2

[Event "vl_2526 MVP"]
[Site "MVP"]
[Date "2025.11.09"]
[Round "1.3"]
[White "Patzenhauer, Max"]
[Black "Scharf, Christian"]
[Result "1-0"]
[WhiteElo "1979"]
[BlackElo "1891"]
[WhiteFideId "-1"]
[WhiteFideId "-1"]
[PlyCount "65"]
[GameId "2242332415619215"]
[EventDate "2025.??.??"]
[EventType "team-tourn"]
[EventRounds "9"]
[EventCountry "GER"]
[WhiteTeam "Greifswalder SV"]
[BlackTeam "SG Guestrow/Teterow"]
[WhiteTeamCountry "GER"]
[BlackTeamCountry "GER"]

1. d4 Nf6 2. Nf3 g6 3. c4 Bg7 4. Nc3 O-O 5. Bg5 d6 6. e3 Nbd7 7. Be2 e5 8. dxe5 dxe5 9. Qc2 c6 10. Rd1 Qc7 11. b4 a5 12. a3 h6 13. Bh4 Re8 14. Nd2 axb4 15. axb4 Bf8 16. Qb3 b6 17. O-O Bb7 18. Nde4 Be7 19. Bxf6 Nxf6 20. c5 bxc5 21. bxc5 Nxe4 22. Nxe4 Ba6 23. Bxa6 Rxa6 24. Nd6 Bxd6 25. Rxd6 Kg7 26. Rfd1 Ra7 27. Qb6 Rc8 28. Qb2 Qe7 29. h3 Kh7 30. Qc2 e4 31. Qc3 Ra2 32. Rd7 Qf8 33. Qc4 1-0